| 000 | 00687cam a2200253 4500 | ||
|---|---|---|---|
| 999 |
_c2892 _d2892 |
||
| 001 | 701055 | ||
| 003 | OCoLC | ||
| 005 | 20181019112221.0 | ||
| 008 | 730814s1973 ilu 001 0 eng | ||
| 010 | _a73081573 //r85 | ||
| 020 | _a0877848661 | ||
| 020 | _a0340197137 | ||
| 040 |
_aDLC _cDLC _dDAY |
||
| 050 | 0 |
_aBT102 _b.P26 1973 |
|
| 082 |
_a231 _bP119K |
||
| 100 | 1 |
_aPacker, J. I. _q(James Innell) |
|
| 245 | 1 | 0 |
_aKnowing God _c[by] J. I. Packer |
| 260 |
_aDowners Grove, Ill., _bInterVarsity Press _c[1979, c1973] |
||
| 300 |
_a256 p. _c22 cm |
||
| 350 | _a$5.95 | ||
| 650 | 0 | _aGod | |
| 650 | 4 |
_aBenedictine Sisters of Perpetual Adoration _xBooks and reading |
|
| 942 |
_2ddc _cBK |
||